[Event "DEM U10 2019"]
[Site "Willingen GER"]
[Date "2019.06.13"]
[Round "8"]
[White "Mühlbauer, Adrian"]
[Black "Yang, Marco"]
[Result "0-1"]
[Termination "normal"]
[Board "25"]
[WhiteElo "1193"]
[BlackElo "1278"]
[PlyCount "138"]
[WhiteFideId "16287223"]
[BlackFideId "16254260"]
[EventCountry "GER"]
[EventRounds "11"]
[EventType "swiss"]
[EventDate "2019.06.08"]

1. e4 c5 2. Nc3 Nc6 3. f4 d6 4. Nf3 Nf6 5. Bc4 Bg4 6. h3 Bxf3 7. Qxf3 a6 8. O-O
b5 9. Bd5 Qd7 10. d3 e6 11. Bxc6 Qxc6 12. Be3 Nd7 13. f5 e5 14. Bg5 h6 15. f6
g6 16. Be3 Nb6 17. a3 Rd8 18. b3 d5 19. exd5 Nxd5 20. Qg3 Nxc3 21. Qxe5+ Qe6
22. Qxc3 Qxe3+ 23. Kh1 Kd7 24. Qa5 Ra8 25. Qb6 Qe8 26. d4 Qc8 27. dxc5 Qc7 28.
c6+ Kc8 29. Qe3 Qxc6 30. c4 Bc5 31. Qf4 Kb7 32. Rfe1 Rhe8 33. b4 Rxe1+ 34. Rxe1
Bf8 35. c5 Re8 36. Rd1 Re4 37. Qf3 Kc8 38. Kh2 Re6 39. Qf2 Rxf6 40. Qh4 g5 41.
Qd4 Be7 42. Re1 Qc7+ 43. Kg1 a5 44. Qe4 Re6 45. Qa8+ Qb8 46. Qxb8+ Kxb8 47.
Rxe6 fxe6 48. Kf2 axb4 49. axb4 Kc7 50. Ke3 Kc6 51. Ke4 Bxc5 52. bxc5 Kxc5 53.
Ke5 b4 54. Kxe6 b3 55. Kf5 b2 56. Kg6 b1=Q+ 57. Kxh6 Qf5 58. Kh5 Qf2 59. Kxg5
Qxg2+ 60. Kh4 Kd4 61. Kh5 Qxh3+ 62. Kg5 Qf3 63. Kh4 Qg2 64. Kh5 Qg3 65. Kh6 Qg4
66. Kh7 Qg5 67. Kh8 Ke5 68. Kh7 Kf6 69. Kh8 Qg7# 0-1

[Event "DEM U10 2019"]
[Site "Willingen GER"]
[Date "2019.06.13"]
[Round "8"]
[White "Theviot, Luca"]
[Black "Jumah, Shayan"]
[Result "1-0"]
[Termination "normal"]
[Board "26"]
[WhiteElo "1276"]
[BlackElo "1295"]
[PlyCount "63"]
[WhiteFideId "16277449"]
[BlackFideId "16281888"]
[EventCountry "GER"]
[EventRounds "11"]
[EventType "swiss"]
[EventDate "2019.06.08"]

1. e4 e6 2. d4 d5 3. Nc3 dxe4 4. Nxe4 Nd7 5. Nf3 Ngf6 6. Bd3 Nxe4 7. Bxe4 Be7
8. c3 Nf6 9. Bd3 O-O 10. O-O Bd7 11. Ne5 h6 12. Qf3 Nd5 13. Re1 Bd6 14. Qg3
Bxe5 15. Rxe5 Qf6 16. Rh5 Kh8 17. Bg5 Nf4 18. Bxf6 Nxh5 19. Bxg7+ Nxg7 20. Qh4
f5 21. Qxh6+ Kg8 22. Re1 Rae8 23. Re3 Re7 24. Rh3 Kf7 25. Rg3 Rg8 26. Qg6+ Kf8
27. Be2 Be8 28. Qf6+ Rf7 29. Qd8 b6 30. Bb5 Re7 31. Bxe8 Rxe8 32. Qf6# 1-0

[Event "DEM U10 2019"]
[Site "Willingen GER"]
[Date "2019.06.13"]
[Round "8"]
[White "Brandt, Mattis"]
[Black "Rau, Eduard"]
[Result "1-0"]
[Termination "normal"]
[Board "28"]
[WhiteElo "1359"]
[BlackElo "1221"]
[PlyCount "63"]
[WhiteFideId "16267397"]
[BlackFideId "16287231"]
[EventCountry "GER"]
[EventRounds "11"]
[EventType "swiss"]
[EventDate "2019.06.08"]

1. e4 e5 2. Nf3 Nc6 3. d4 exd4 4. Bc4 Bc5 5. Ng5 d5 6. Bxd5 Qe7 7. Nxf7 Nf6 8.
Nxh8 Nxd5 9. Qh5+ g6 10. Qxd5 Be6 11. Qg5 Qf8 12. Nxg6 hxg6 13. Qxg6+ Kd7 14.
O-O Bc4 15. Re1 d3 16. Qf5+ Ke8 17. cxd3 Bxd3 18. Nc3 Nd4 19. Qxf8+ Kxf8 20.
Bh6+ Kg8 21. Rad1 Bc2 22. Rd2 Rd8 23. Be3 Kf7 24. Bxd4 Bxe4 25. Nxe4 Bxd4 26.
Red1 Bxf2+ 27. Rxf2+ Ke7 28. Rf7+ Ke8 29. Rxd8+ Kxd8 30. Kf2 a5 31. Nc5 Kc8 32.
Rf8# 1-0

[Event "DEM U10 2019"]
[Site "Willingen GER"]
[Date "2019.06.15"]
[Round "11"]
[White "Helms, Finn"]
[Black "Torosyan, Bagrat"]
[Result "1-0"]
[Termination "normal"]
[Board "1"]
[WhiteElo "1773"]
[BlackElo "1444"]
[WhiteClock "01:13:30"]
[BlackClock "00:33:05"]
[PlyCount "100"]
[WhiteFideId "16249143"]
[BlackFideId "16258134"]
[EventCountry "GER"]
[EventRounds "11"]
[EventType "swiss"]
[EventDate "2019.06.08"]

1. d4 {[%clk 1:15:57]} 1... Nf6 {[%clk 1:15:55]} 2. Bf4 {[%clk 1:16:21]} 2...
e6 {[%clk 1:16:19]} 3. e3 {[%clk 1:16:45]} 3... c5 {[%clk 1:16:42]} 4. c3 {
[%clk 1:17:07]} 4... d5 {[%clk 1:17:07]} 5. Nd2 {[%clk 1:17:22]} 5... Bd6 {
[%clk 1:17:30]} 6. Bg3 {[%clk 1:17:32]} 6... Qc7 {[%clk 1:17:53]} 7. Ngf3 {
[%clk 1:16:45]} 7... Nbd7 {[%clk 1:18:08]} 8. Bd3 {[%clk 1:16:14]} 8... O-O {
[%clk 1:18:14]} 9. O-O {[%clk 1:15:34]} 9... Bxg3 {[%clk 1:18:34]} 10. hxg3 {
[%clk 1:15:44]} 10... cxd4 {[%clk 1:18:35]} 11. exd4 {[%clk 1:16:04]} 11... b6
{[%clk 1:17:38]} 12. Re1 {[%clk 1:15:50]} 12... a5 {[%clk 1:17:56]} 13. Qe2 {
[%clk 1:15:59]} 13... Qa7 {[%clk 1:15:34]} 14. Ne5 {[%clk 1:15:44]} 14... Nxe5
{[%clk 1:15:43]} 15. dxe5 {[%clk 1:15:38]} 15... Nd7 {[%clk 1:15:32]} 16. Nf3 {
[%clk 1:15:22]} 16... h6 {[%clk 1:15:20]} 17. Nd4 {[%clk 1:15:00]} 17... Nc5 {
[%clk 1:09:28]} 18. Nb5 {[%clk 1:12:53]} 18... Qd7 {[%clk 1:09:48]} 19. Nd6 {
[%clk 1:12:38]} 19... Nxd3 {[%clk 1:09:48]} 20. Qxd3 {[%clk 1:13:01]} 20... Ba6
{[%clk 1:10:06]} 21. Qe3 {[%clk 1:12:38]} 21... f6 {[%clk 1:07:49]} 22. f4 {
[%clk 1:11:50]} 22... fxe5 {[%clk 1:05:40]} 23. Qxe5 {[%clk 1:11:43]} 23... Rf6
{[%clk 1:05:35]} 24. f5 {[%clk 1:12:02]} 24... exf5 {[%clk 1:03:39]} 25. Qxd5+
{[%clk 1:12:25]} 25... Kh7 {[%clk 0:57:50]} 26. Qxa8 {[%clk 1:12:37]} 26... Bd3
{[%clk 0:57:45]} 27. Qf3 {[%clk 1:08:28]} 27... Rxd6 {[%clk 0:57:02]} 28. Rad1
{[%clk 1:08:36]} 28... Be4 {[%clk 0:55:14]} 29. Rxd6 {[%clk 1:07:57]} 29...
Qxd6 {[%clk 0:55:39]} 30. Qe3 {[%clk 1:08:12]} 30... Qc6 {[%clk 0:54:48]} 31.
Re2 {[%clk 1:08:29]} 31... Qa4 {[%clk 0:53:12]} 32. b3 {[%clk 1:08:15]} 32...
Qc6 {[%clk 0:53:34]} 33. g4 {[%clk 1:08:30]} 33... g6 {[%clk 0:53:27]} 34. gxf5
{[%clk 1:08:51]} 34... gxf5 {[%clk 0:53:50]} 35. Qd4 {[%clk 1:09:08]} 35... Kg6
{[%clk 0:47:46]} 36. Rd2 {[%clk 1:09:17]} 36... Kg5 {[%clk 0:47:42]} 37. Qg7+ {
[%clk 1:09:39]} 37... Kh5 {[%clk 0:47:34]} 38. g4+ {[%clk 1:09:29]} 38... Kh4 {
[%clk 0:42:15]} 39. Rh2+ {[%clk 1:09:45]} 39... Kg3 {[%clk 0:42:11]} 40. gxf5+
{[%clk 1:10:02]} 40... Kf4 {[%clk 0:32:11]} 41. Qxh6+ {[%clk 1:10:17]} 41...
Qxh6 {[%clk 0:31:15]} 42. Rxh6 {[%clk 1:10:43]} 42... Bxf5 {[%clk 0:31:31]} 43.
Rxb6 {[%clk 1:11:03]} 43... Bb1 {[%clk 0:31:46]} 44. a4 {[%clk 1:11:14]} 44...
Bc2 {[%clk 0:32:04]} 45. b4 {[%clk 1:11:36]} 45... axb4 {[%clk 0:32:17]} 46.
Rxb4+ {[%clk 1:12:00]} 46... Ke3 {[%clk 0:32:32]} 47. Rd4 {[%clk 1:12:23]}
47... Bf5 {[%clk 0:32:37]} 48. a5 {[%clk 1:12:48]} 48... Bc8 {[%clk 0:33:00]}
49. Rd6 {[%clk 1:13:04]} 49... Ke4 {[%clk 0:33:05]} 50. a6 {[%clk 1:13:30]}
50... Ke5 1-0

[Event "DEM U10 2019"]
[Site "Willingen GER"]
[Date "2019.06.15"]
[Round "11"]
[White "Grabs, Peter"]
[Black "Sauer, Tim"]
[Result "1/2-1/2"]
[Termination "normal"]
[Board "2"]
[WhiteTitle "CM"]
[WhiteElo "1575"]
[BlackElo "1553"]
[WhiteClock "00:03:00"]
[BlackClock "00:03:10"]
[PlyCount "75"]
[WhiteFideId "16203887"]
[BlackFideId "16265726"]
[EventCountry "GER"]
[EventRounds "11"]
[EventType "swiss"]
[EventDate "2019.06.08"]

1. e4 {[%clk 1:15:59]} 1... c6 {[%clk 1:15:54]} 2. d4 {[%clk 1:16:26]} 2... d5
{[%clk 1:16:18]} 3. f3 {[%clk 1:16:53]} 3... dxe4 {[%clk 1:13:30]} 4. fxe4 {
[%clk 1:17:17]} 4... e5 {[%clk 1:12:15]} 5. Nf3 {[%clk 1:17:32]} 5... exd4 {
[%clk 0:41:59]} 6. Bc4 {[%clk 1:16:22]} 6... Be6 {[%clk 0:38:49]} 7. Bxe6 {
[%clk 1:16:28]} 7... fxe6 {[%clk 0:39:11]} 8. O-O {[%clk 1:15:54]} 8... Be7 {
[%clk 0:27:36]} 9. e5 {[%clk 1:07:26]} 9... c5 {[%clk 0:24:09]} 10. Nbd2 {
[%clk 1:07:22]} 10... Nc6 {[%clk 0:20:56]} 11. Ne4 {[%clk 1:06:18]} 11... Qd5 {
[%clk 0:20:21]} 12. Ng3 {[%clk 0:45:29]} 12... O-O-O {[%clk 0:17:40]} 13. Nh5 {
[%clk 0:38:37]} 13... Nxe5 {[%clk 0:16:11]} 14. Nxg7 {[%clk 0:37:33]} 14... Rf8
{[%clk 0:13:00]} 15. Nxe5 {[%clk 0:35:03]} 15... Rxf1+ {[%clk 0:09:54]} 16.
Kxf1 {[%clk 0:30:25]} 16... Qxe5 {[%clk 0:09:32]} 17. Qg4 {[%clk 0:26:11]}
17... Qf6+ {[%clk 0:08:58]} 18. Kg1 {[%clk 0:25:14]} 18... Kd7 {[%clk 0:08:17]}
19. Nh5 {[%clk 0:24:24]} 19... Qf7 {[%clk 0:05:07]} 20. Bd2 {[%clk 0:21:49]}
20... Nf6 {[%clk 0:03:50]} 21. Nxf6+ {[%clk 0:21:59]} 21... Qxf6 { [%clk
0:03:39]} 22. Rf1 {[%clk 0:21:34]} 22... Qe5 {[%clk 0:03:32]} 23. Re1 { [%clk
0:20:14]} 23... Qf6 {[%clk 0:03:22]} 24. Qe4 {[%clk 0:19:23]} 24... Rb8 { [%clk
0:02:25]} 25. Bf4 {[%clk 0:18:58]} 25... Bd6 {[%clk 0:01:44]} 26. Qxh7+ { [%clk
0:18:58]} 26... Kc6 {[%clk 0:01:56]} 27. Qe4+ {[%clk 0:18:54]} 27... Kd7 {[%clk
0:02:18]} 28. Bxd6 {[%clk 0:15:26]} 28... Kxd6 {[%clk 0:02:34]} 29. Rf1 {[%clk
0:14:53]} 29... Qg5 {[%clk 0:02:39]} 30. h4 {[%clk 0:13:25]} 30... Qe5 { [%clk
0:02:27]} 31. Qf3 {[%clk 0:12:02]} 31... b6 {[%clk 0:02:22]} 32. h5 { [%clk
0:05:16]} 32... Rh8 {[%clk 0:02:17]} 33. g4 {[%clk 0:05:26]} 33... Rg8 { [%clk
0:02:32]} 34. Kh1 {[%clk 0:05:01]} 34... Qg5 {[%clk 0:02:53]} 35. Qg3+ { [%clk
0:03:40]} 35... Kc6 {[%clk 0:03:04]} 36. Qg2+ {[%clk 0:03:37]} 36... Kd6 {[%clk
0:02:56]} 37. Qh2+ {[%clk 0:03:38]} 37... Kc6 {[%clk 0:03:10]} 38. Qg2+ {[%clk
0:03:00]} 1/2-1/2

[Event "DEM U10 2019"]
[Site "Willingen GER"]
[Date "2019.06.15"]
[Round "11"]
[White "Besou, Hussain"]
[Black "Ermitsch, Magnus"]
[Result "1-0"]
[Termination "normal"]
[Board "3"]
[WhiteElo "1789"]
[BlackElo "1843"]
[WhiteClock "00:53:26"]
[BlackClock "00:31:50"]
[PlyCount "69"]
[WhiteFideId "16269950"]
[BlackFideId "16234464"]
[EventCountry "GER"]
[EventRounds "11"]
[EventType "swiss"]
[EventDate "2019.06.08"]

1. d4 {[%clk 1:15:59]} 1... Nf6 {[%clk 1:14:39]} 2. c4 {[%clk 1:16:16]} 2... e6
{[%clk 1:14:20]} 3. Nf3 {[%clk 1:16:07]} 3... Bb4+ {[%clk 1:14:12]} 4. Bd2 {
[%clk 1:16:18]} 4... c5 {[%clk 1:13:59]} 5. Bxb4 {[%clk 1:16:25]} 5... cxb4 {
[%clk 1:14:12]} 6. Nbd2 {[%clk 1:16:45]} 6... O-O {[%clk 1:11:05]} 7. e4 {
[%clk 1:16:38]} 7... d6 {[%clk 1:10:39]} 8. Bd3 {[%clk 1:16:39]} 8... Re8 {
[%clk 0:54:08]} 9. O-O {[%clk 1:12:48]} 9... e5 {[%clk 0:53:57]} 10. h3 { [%clk
1:12:14]} 10... Nc6 {[%clk 0:53:32]} 11. d5 11... Nb8 {[%clk 0:51:18]} 12. Ne1
{[%clk 1:10:22]} 12... Nbd7 {[%clk 0:49:27]} 13. a3 {[%clk 1:06:08]} 13... bxa3
{[%clk 0:49:40]} 14. Rxa3 {[%clk 1:06:26]} 14... Nf8 {[%clk 0:48:16] } 15. b4
{[%clk 1:04:47]} 15... Qb6 {[%clk 0:46:24]} 16. Qa4 {[%clk 1:02:16]} 16... Bd7
{[%clk 0:44:36]} 17. Qa5 {[%clk 1:00:44]} 17... Rec8 {[%clk 0:42:57]} 18. Nc2
{[%clk 0:59:05]} 18... Qxa5 {[%clk 0:42:01]} 19. Rxa5 {[%clk 0:57:14]} 19... b5
{[%clk 0:41:18]} 20. f3 {[%clk 0:56:33]} 20... Nh5 {[%clk 0:39:25]} 21. Rfa1
{[%clk 0:52:04]} 21... Nf4 {[%clk 0:38:45]} 22. Bf1 {[%clk 0:52:21]} 22... bxc4
{[%clk 0:36:42]} 23. Nxc4 {[%clk 0:52:06]} 23... Rab8 { [%clk 0:32:52]} 24.
Rxa7 {[%clk 0:51:47]} 24... Bb5 {[%clk 0:33:05]} 25. N2e3 { [%clk 0:51:50]}
25... Rd8 {[%clk 0:31:44]} 26. Na5 {[%clk 0:51:19]} 26... Bxf1 {[%clk 0:31:24]}
27. Kxf1 {[%clk 0:51:21]} 27... Ra8 {[%clk 0:31:21]} 28. Nc6 { [%clk 0:51:41]}
28... Rxa7 {[%clk 0:31:39]} 29. Rxa7 {[%clk 0:52:05]} 29... Rd7 {[%clk
0:31:15]} 30. Ne7+ {[%clk 0:52:02]} 30... Kh8 {[%clk 0:31:41]} 31. Ra8 { [%clk
0:52:25]} 31... N4g6 {[%clk 0:31:43]} 32. Nxg6+ {[%clk 0:52:48]} 32... hxg6
{[%clk 0:31:59]} 33. Rxf8+ {[%clk 0:53:11]} 33... Kh7 {[%clk 0:31:59]} 34. Rc8
{[%clk 0:53:26]} 34... f6 {[%clk 0:31:50]} 35. Nc4 1-0

[Event "DEM U10 2019"]
[Site "Willingen GER"]
[Date "2019.06.15"]
[Round "11"]
[White "Haubold, Sebastian Marcel"]
[Black "Arora, Abhiraaj"]
[Result "0-1"]
[Termination "normal"]
[Board "4"]
[WhiteElo "1506"]
[BlackElo "1454"]
[WhiteClock "00:05:51"]
[BlackClock "00:16:15"]
[PlyCount "116"]
[WhiteFideId "16259637"]
[BlackFideId "25611054"]
[EventCountry "GER"]
[EventRounds "11"]
[EventType "swiss"]
[EventDate "2019.06.08"]

1. e4 {[%clk 1:15:58]} 1... e5 {[%clk 1:15:54]} 2. Nf3 {[%clk 1:16:21]} 2...
Nc6 {[%clk 1:16:13]} 3. Bb5 {[%clk 1:16:44]} 3... a6 {[%clk 1:16:39]} 4. Ba4 {
[%clk 1:17:04]} 4... Nf6 {[%clk 1:17:00]} 5. d4 {[%clk 1:17:02]} 5... exd4 {
[%clk 1:16:05]} 6. O-O {[%clk 1:16:26]} 6... Be7 {[%clk 1:15:58]} 7. Re1 {
[%clk 1:15:45]} 7... b5 {[%clk 1:15:13]} 8. Bb3 {[%clk 1:15:49]} 8... d6 {
[%clk 1:14:35]} 9. Bd5 {[%clk 1:11:22]} 9... Nxd5 {[%clk 1:13:33]} 10. exd5 {
[%clk 1:11:42]} 10... Nb4 {[%clk 1:13:44]} 11. Nxd4 {[%clk 1:11:58]} 11... Bb7
{[%clk 1:12:13]} 12. Nc3 {[%clk 1:08:29]} 12... O-O {[%clk 1:07:37]} 13. a3 {
[%clk 1:03:04]} 13... Nxd5 {[%clk 1:04:19]} 14. Nf5 {[%clk 1:03:12]} 14... Nxc3
{[%clk 1:04:32]} 15. Nxe7+ {[%clk 1:03:36]} 15... Qxe7 {[%clk 1:04:27]} 16.
bxc3 {[%clk 0:54:43]} 16... Qf6 {[%clk 1:04:11]} 17. Re3 {[%clk 0:50:25]} 17...
Rfe8 {[%clk 0:57:07]} 18. Rg3 {[%clk 0:40:02]} 18... Be4 {[%clk 0:55:53]} 19.
Bg5 {[%clk 0:34:22]} 19... Qe6 {[%clk 0:49:21]} 20. Qd2 {[%clk 0:25:24]} 20...
Bxc2 {[%clk 0:45:06]} 21. h4 {[%clk 0:18:18]} 21... Bg6 {[%clk 0:42:58]} 22.
Rd1 {[%clk 0:10:11]} 22... Qe5 {[%clk 0:39:08]} 23. Re3 {[%clk 0:08:11]} 23...
Qc5 {[%clk 0:38:10]} 24. Qb2 {[%clk 0:06:28]} 24... a5 {[%clk 0:35:25]} 25.
Rde1 {[%clk 0:04:40]} 25... Rxe3 {[%clk 0:34:43]} 26. Rxe3 {[%clk 0:05:01]}
26... h6 {[%clk 0:34:46]} 27. Bf4 {[%clk 0:05:08]} 27... Qf5 {[%clk 0:29:47]}
28. Bg3 {[%clk 0:04:52]} 28... Qb1+ {[%clk 0:28:07]} 29. Qxb1 {[%clk 0:04:57]}
29... Bxb1 {[%clk 0:28:31]} 30. Re7 {[%clk 0:05:11]} 30... Rc8 {[%clk 0:28:43]}
31. Kf1 {[%clk 0:04:19]} 31... Bf5 {[%clk 0:28:45]} 32. Re1 {[%clk 0:04:26]}
32... Bd3+ {[%clk 0:28:38]} 33. Kg1 {[%clk 0:04:49]} 33... Bc4 {[%clk 0:28:50]}
34. f3 {[%clk 0:04:47]} 34... d5 {[%clk 0:28:29]} 35. Re7 35... c5 { [%clk
0:28:07]} 36. Bd6 {[%clk 0:03:08]} 36... d4 {[%clk 0:26:38]} 37. cxd4 { [%clk
0:02:42]} 37... cxd4 {[%clk 0:26:44]} 38. Bc7 {[%clk 0:02:58]} 38... b4 { [%clk
0:25:44]} 39. axb4 {[%clk 0:02:50]} 39... axb4 {[%clk 0:26:06]} 40. Bb6 { [%clk
0:02:06]} 40... d3 {[%clk 0:26:13]} 41. Re1 {[%clk 0:02:29]} 41... Bb3 { [%clk
0:24:08]} 42. Be3 {[%clk 0:02:29]} 42... Rd8 {[%clk 0:23:59]} 43. Bd2 { [%clk
0:02:45]} 43... Bc2 {[%clk 0:22:14]} 44. Bxb4 {[%clk 0:02:19]} 44... Rb8 {[%clk
0:21:13]} 45. Bd2 {[%clk 0:02:38]} 45... Rb1 {[%clk 0:21:14]} 46. Rxb1 { [%clk
0:03:03]} 46... Bxb1 {[%clk 0:21:40]} 47. Kf2 {[%clk 0:03:25]} 47... Kh7 {[%clk
0:20:07]} 48. Ke3 {[%clk 0:03:07]} 48... Kg6 {[%clk 0:19:40]} 49. Kf4 { [%clk
0:03:10]} 49... Kf6 {[%clk 0:19:00]} 50. g4 {[%clk 0:03:11]} 50... g5+ { [%clk
0:18:10]} 51. hxg5+ {[%clk 0:03:33]} 51... hxg5+ {[%clk 0:18:20]} 52. Ke4
{[%clk 0:03:57]} 52... Ke6 {[%clk 0:15:46]} 53. Bxg5 {[%clk 0:04:19]} 53... d2+
{[%clk 0:16:11]} 54. Ke3 {[%clk 0:04:37]} 54... d1=Q {[%clk 0:16:32]} 55. Kf2 {
[%clk 0:04:47]} 55... Bd3 {[%clk 0:16:15]} 56. Kg3 {[%clk 0:05:07]} 56... Qe1+
{[%clk 0:16:20]} 57. Kg2 {[%clk 0:05:27]} 57... Bf1+ {[%clk 0:16:21]} 58. Kg1 {
[%clk 0:05:51]} 58... Qe2 {[%clk 0:16:15]} 0-1

[Event "DEM U10 2019"]
[Site "Willingen GER"]
[Date "2019.06.15"]
[Round "11"]
[White "Aniol, Nico"]
[Black "Jahnz, Laurin"]
[Result "1/2-1/2"]
[Termination "normal"]
[Board "8"]
[WhiteElo "1406"]
[BlackElo "1497"]
[WhiteClock "00:58:19"]
[BlackClock "00:37:25"]
[PlyCount "57"]
[WhiteFideId "16287096"]
[BlackFideId "16261089"]
[EventCountry "GER"]
[EventRounds "11"]
[EventType "swiss"]
[EventDate "2019.06.08"]

1. e4 {[%clk 1:15:59]} 1... e5 {[%clk 1:15:56]} 2. Nf3 {[%clk 1:16:00]} 2...
Nc6 {[%clk 1:16:20]} 3. Bc4 {[%clk 1:16:01]} 3... Bc5 {[%clk 1:16:45]} 4. c3 {
[%clk 1:16:01]} 4... Nf6 {[%clk 1:17:09]} 5. b4 {[%clk 1:16:10]} 5... Bb6 {
[%clk 1:17:17]} 6. d3 {[%clk 1:16:21]} 6... d6 {[%clk 1:17:25]} 7. a4 { [%clk
1:16:19]} 7... a5 {[%clk 1:15:45]} 8. b5 {[%clk 1:16:35]} 8... Ne7 { [%clk
1:15:34]} 9. Qb3 {[%clk 1:16:35]} 9... O-O {[%clk 1:14:48]} 10. Bg5 { [%clk
1:16:31]} 10... Ng6 {[%clk 1:14:22]} 11. h4 {[%clk 1:16:46]} 11... h6 { [%clk
1:10:36]} 12. h5 {[%clk 1:17:09]} 12... Nf4 {[%clk 1:09:23]} 13. Bxf4 { [%clk
1:17:33]} 13... exf4 {[%clk 1:09:47]} 14. Nbd2 {[%clk 1:16:44]} 14... Bg4
{[%clk 1:09:08]} 15. e5 {[%clk 1:12:51]} 15... dxe5 {[%clk 1:04:18]} 16. Nxe5 {
[%clk 1:13:10]} 16... Qe7 {[%clk 1:03:46]} 17. d4 {[%clk 1:13:20]} 17... Nd7 {
[%clk 1:00:54]} 18. O-O {[%clk 1:12:42]} 18... Nxe5 {[%clk 1:00:13]} 19. Rfe1 {
[%clk 1:12:54]} 19... Qh4 {[%clk 0:58:14]} 20. Rxe5 {[%clk 1:13:05]} 20... Bxh5
{[%clk 0:57:03]} 21. Rae1 {[%clk 1:04:15]} 21... Bg6 {[%clk 0:50:40]} 22. Nf3 {
[%clk 1:04:29]} 22... Qg4 {[%clk 0:48:50]} 23. Be2 {[%clk 1:01:56]} 23... Qd7 {
[%clk 0:47:26]} 24. Nh4 {[%clk 0:58:54]} 24... Bh7 {[%clk 0:46:28]} 25. Bf3 {
[%clk 0:58:41]} 25... Rab8 {[%clk 0:42:32]} 26. Bh5 {[%clk 0:57:47]} 26... Rbe8
{[%clk 0:38:32]} 27. Rxe8 {[%clk 0:57:55]} 27... Rxe8 {[%clk 0:37:25]} 28.
Rxe8+ {[%clk 0:58:19]} 28... Qxe8 29. Nf3 1/2-1/2

[Event "DEM U10 2019"]
[Site "Willingen GER"]
[Date "2019.06.15"]
[Round "11"]
[White "Dorendorf, Mika"]
[Black "Malinowsky, Levi"]
[Result "1/2-1/2"]
[Termination "normal"]
[Board "9"]
[WhiteElo "1398"]
[BlackElo "1400"]
[WhiteClock "00:15:48"]
[BlackClock "00:48:36"]
[PlyCount "48"]
[WhiteFideId "16283066"]
[BlackFideId "16253094"]
[EventCountry "GER"]
[EventRounds "11"]
[EventType "swiss"]
[EventDate "2019.06.08"]

1. e4 {[%clk 1:15:57]} 1... e5 {[%clk 1:15:45]} 2. Nf3 {[%clk 1:16:14]} 2...
Nc6 {[%clk 1:15:42]} 3. d4 {[%clk 1:15:01]} 3... exd4 {[%clk 1:15:57]} 4. Bc4 {
[%clk 1:14:33]} 4... Nf6 {[%clk 1:15:55]} 5. O-O {[%clk 1:14:25]} 5... d6 {
[%clk 1:12:36]} 6. Nxd4 {[%clk 1:09:08]} 6... Ne5 {[%clk 1:10:29]} 7. Bd3 {
[%clk 1:04:56]} 7... Nxd3 {[%clk 1:08:08]} 8. cxd3 {[%clk 0:59:38]} 8... Be7 {
[%clk 1:07:04]} 9. Nc3 {[%clk 0:53:18]} 9... O-O {[%clk 1:06:42]} 10. h3 {
[%clk 0:45:03]} 10... d5 {[%clk 1:05:27]} 11. e5 {[%clk 0:40:52]} 11... Nd7 {
[%clk 1:05:24]} 12. Bf4 {[%clk 0:39:25]} 12... Nc5 {[%clk 1:03:14]} 13. Nb3 {
[%clk 0:35:36]} 13... Nxb3 {[%clk 1:01:57]} 14. Qxb3 {[%clk 0:35:10]} 14... d4
{[%clk 1:00:04]} 15. Nd5 {[%clk 0:32:08]} 15... b6 {[%clk 0:56:24]} 16. Nxe7+ {
[%clk 0:32:28]} 16... Qxe7 {[%clk 0:56:39]} 17. Rac1 {[%clk 0:29:08]} 17... c5
{[%clk 0:56:35]} 18. Qd1 {[%clk 0:25:03]} 18... Bb7 {[%clk 0:55:44]} 19. Qg4 {
[%clk 0:23:42]} 19... Qe6 {[%clk 0:51:05]} 20. Qxe6 {[%clk 0:19:47]} 20... fxe6
{[%clk 0:51:26]} 21. Bg5 {[%clk 0:18:47]} 21... Rf5 {[%clk 0:50:40]} 22. f4 {
[%clk 0:16:59]} 22... Raf8 {[%clk 0:48:44]} 23. Be7 {[%clk 0:15:48]} 23... R8f7
{[%clk 0:48:36]} 24. Bg5 {[%clk 0:15:48]} 24... Rf8 1/2-1/2

[Event "DEM U10 2019"]
[Site "Willingen GER"]
[Date "2019.06.15"]
[Round "11"]
[White "Klaska, Philipp Leon"]
[Black "Freude, Paul"]
[Result "1-0"]
[Termination "normal"]
[Board "10"]
[WhiteElo "1444"]
[BlackElo "1713"]
[PlyCount "69"]
[WhiteFideId "16238044"]
[BlackFideId "16280717"]
[EventCountry "GER"]
[EventRounds "11"]
[EventType "swiss"]
[EventDate "2019.06.08"]

1. e4 c5 2. Nf3 d6 3. d4 cxd4 4. Nxd4 Nf6 5. Nc3 a6 6. f3 e5 7. Nb3 Be7 8. Be3
O-O 9. Qd2 Be6 10. O-O-O a5 11. Na4 Nbd7 12. Kb1 d5 13. exd5 Nxd5 14. Nbc5 Nxe3
15. Nxe6 Nxf1 16. Rhxf1 fxe6 17. Qxd7 Qxd7 18. Rxd7 Bf6 19. Rxb7 Rfb8 20. Rxb8+
Rxb8 21. Rd1 Rb4 22. Nc5 e4 23. b3 exf3 24. gxf3 e5 25. Ne4 a4 26. c3 Rb6 27.
b4 Kf7 28. a3 Ke6 29. c4 g6 30. Kc2 Rc6 31. c5 Be7 32. Kc3 Rc7 33. Kc4 Rd7 34.
Rxd7 Kxd7 35. Kd5 1-0

[Event "DEM U10 2019"]
[Site "Willingen GER"]
[Date "2019.06.15"]
[Round "11"]
[White "Haubold, Christian Lucas"]
[Black "Kullmann, Theo"]
[Result "1-0"]
[Termination "normal"]
[Board "11"]
[WhiteElo "1387"]
[BlackElo "1465"]
[PlyCount "35"]
[WhiteFideId "16259629"]
[BlackFideId "16218582"]
[EventCountry "GER"]
[EventRounds "11"]
[EventType "swiss"]
[EventDate "2019.06.08"]

1. e4 e5 2. Nf3 Nc6 3. Bb5 a6 4. Ba4 b5 5. Bb3 Nf6 6. d3 h6 7. O-O Bc5 8. Nc3
O-O 9. Ne2 d6 10. Ng3 Be6 11. c3 Bg4 12. h3 Bxf3 13. Qxf3 Qd7 14. Bxh6 gxh6 15.
Qxf6 Qe7 16. Qxh6 Qd7 17. Nh5 Qg4 18. Nf6# 1-0

[Event "DEM U10 2019"]
[Site "Willingen GER"]
[Date "2019.06.15"]
[Round "11"]
[White "Dordevic, Tom"]
[Black "Chugunov, Ivan"]
[Result "1-0"]
[Termination "normal"]
[Board "12"]
[WhiteElo "1158"]
[BlackElo "1310"]
[PlyCount "51"]
[WhiteFideId "16260503"]
[BlackFideId "16256808"]
[EventCountry "GER"]
[EventRounds "11"]
[EventType "swiss"]
[EventDate "2019.06.08"]

1. e4 c6 2. d4 d5 3. exd5 cxd5 4. c4 Nf6 5. Nc3 e6 6. Nf3 Nc6 7. Bg5 Be7 8. c5
b6 9. Bb5 Bd7 10. Bxc6 Bxc6 11. Ne5 Qc7 12. Bf4 Qb7 13. b4 bxc5 14. bxc5 Nd7
15. Rb1 Qa6 16. Nxc6 Qxc6 17. Nb5 O-O 18. O-O e5 19. dxe5 Qxc5 20. Qg4 f5 21.
Qg3 a6 22. Rfc1 Qb6 23. Nc7 Qa7 24. Nxa8 Rxa8 25. Qb3 Nb6 26. Qxb6 1-0